[Event "Mendrisio Swiss Lake op"]
[Site "Mendrisio"]
[Date "2024.09.07"]
[Round "3"]
[White "Bevilacqua, Maurizio"]
[Black "Pogan, Nikolas"]
[Result "1/2-1/2"]
[WhiteElo "2035"]
[BlackElo "2218"]
[PlyCount "81"]
[EventDate "2024.09.06"]
[EventType "swiss"]
[EventRounds "5"]
[EventCountry "SUI"]
[SourceTitle "EXT 2025"]
[Source "ChessBase"]
[SourceDate "2024.10.14"]
[SourceVersion "1"]
[SourceVersionDate "2024.10.14"]
[SourceQuality "1"]

1. d4 Nf6 2. Nf3 g6 3. c4 Bg7 4. Nc3 0-0 5. Bg5 h6 6. Bh4 d6 7. e3 Nbd7 8. Be2 b6 9. Qc2 Bb7 10. 0-0 a6 11. a4 a5 12. Rfd1 Qc8 13. Rac1 Re8 14. e4 g5 15. Bg3 Nh5 16. Ne1 Nxg3 17. hxg3 e6 18. g4 Nb8 19. c5 bxc5 20. dxc5 dxc5 21. Qb3 Nc6 22. Nf3 Nd4 23. Nxd4 Bxd4 24. Nb5 e5 25. Rxd4 exd4 26. Rxc5 Re7 27. Nd6 cxd6 28. Rxc8+ Rxc8 29. Qb6 Rxe4 30. Bd3 Re1+ 31. Kh2 Be4 32. Qxd4 Bxd3 33. Qxd3 Re6 34. Qb5 Rc5 35. Qb8+ Kg7 36. b4 axb4 37. Qxb4 Ree5 38. g3 Rcd5 39. Qb2 Kg8 40. Qb8+ Kg7 41. Qb2 1/2-1/2

[Event "Maia op"]
[Site "Maia"]
[Date "2024.08.23"]
[Round "1"]
[White "Pogan, Nikolas"]
[Black "Sanchez Carrasco, Francesco Javier"]
[Result "0-1"]
[WhiteElo "2218"]
[BlackElo "2005"]
[PlyCount "98"]
[EventDate "2024.08.23"]
[EventType "swiss"]
[EventRounds "9"]
[EventCountry "POR"]
[SourceTitle "CBM 221 Extra"]
[Source "ChessBase"]
[SourceDate "2024.09.30"]
[SourceVersion "1"]
[SourceVersionDate "2024.09.30"]
[SourceQuality "1"]

1. Nf3 Nf6 2. g3 d6 3. Bg2 e5 4. 0-0 Be7 5. d4 Nbd7 6. c4 0-0 7. Nc3 c6 8. Qc2 Qc7 9. h3 Re8 10. Be3 Bf8 11. Rac1 g6 12. Rfd1 Bg7 13. Qd2 Nf8 14. b3 Bf5 15. d5 c5 16. Nh4 Bd7 17. Bh6 Bh8 18. e4 Qc8 19. Kh2 Nh5 20. Qe2 Qd8 21. Nf5 Nf4 22. gxf4 gxf5 23. Qh5 Qf6 24. exf5 Qxf5 25. Qxf5 Bxf5 26. Nb5 Red8 27. fxe5 Bxe5+ 28. f4 Bb2 29. Bf3 Ng6 30. Kg3 a6 31. Nc3 Bxc1 32. Rxc1 f6 33. Bg4 Bxg4 34. hxg4 Re8 35. f5 Nh8 36. Kf3 Nf7 37. Bf4 Rad8 38. Ne4 Kg7 39. Rc2 h6 40. Ng3 Ng5+ 41. Kg2 Rd7 42. Rc1 b5 43. cxb5 axb5 44. a4 bxa4 45. bxa4 Ra8 46. Rc4 Kf7 47. Bd2 Rb7 48. Bc3 Rb3 49. Nh5 Re8 0-1

[Event "Davos op"]
[Site "Davos"]
[Date "2024.06.15"]
[Round "2"]
[White "Matei, Robert"]
[Black "Pogan, Nikolas"]
[Result "1/2-1/2"]
[WhiteElo "1943"]
[BlackElo "2243"]
[PlyCount "93"]
[EventDate "2024.06.14"]
[EventType "swiss"]
[EventRounds "5"]
[EventCountry "SUI"]
[SourceTitle "EXT 2025"]
[Source "ChessBase"]
[SourceDate "2024.10.14"]
[SourceVersion "1"]
[SourceVersionDate "2024.10.14"]
[SourceQuality "1"]

1. c4 g6 2. g3 Bg7 3. Bg2 c5 4. Nc3 Nc6 5. Nf3 e6 6. 0-0 Nge7 7. e3 0-0 8. d4 d6 9. b3 Nf5 10. Ne2 Rb8 11. Bb2 a6 12. Qd2 b6 13. Rfd1 Bb7 14. dxc5 dxc5 15. Bxg7 Nxg7 16. Qc3 Qe7 17. Rd2 Rfd8 18. Rad1 f6 19. Rxd8+ Rxd8 20. Rxd8+ Nxd8 21. Nd2 Ne8 22. Bxb7 Qxb7 23. f3 Nc6 24. Kf2 Kf7 25. a3 Ne5 26. Ne4 Qc6 27. Nd2 Nd6 28. Qc2 b5 29. cxb5 axb5 30. a4 b4 31. Nc1 Qd5 32. Ke2 c4 33. bxc4 Nexc4 34. Ncb3 Nxd2 35. Nxd2 Qb7 36. Kf2 f5 37. e4 Qb6+ 38. Kg2 Qe3 39. Qc7+ Kf6 40. Qd8+ Kf7 41. Qc7+ Kf6 42. Qd8+ Kg7 43. exf5 gxf5 44. Qe7+ Nf7 45. Qxb4 Qe2+ 46. Kg1 Qe1+ 47. Kg2 1/2-1/2

[Event "BL2-Sued 2324"]
[Site "Germany"]
[Date "2024.02.03"]
[Round "5.7"]
[White "Thoma, Christian"]
[Black "Pogan, Nikolas"]
[Result "0-1"]
[WhiteElo "2216"]
[BlackElo "2207"]
[PlyCount "86"]
[EventDate "2023.10.21"]
[EventType "team-tourn"]
[EventRounds "10"]
[EventCountry "GER"]
[SourceTitle "EXT 2025"]
[Source "ChessBase"]
[SourceDate "2024.10.14"]
[SourceVersion "1"]
[SourceVersionDate "2024.10.14"]
[SourceQuality "1"]
[WhiteTeam "Schmiden/Cannstatt"]
[BlackTeam "Heilbronn"]
[WhiteTeamCountry "GER"]
[BlackTeamCountry "GER"]

1. d4 d5 2. c4 c6 3. Nc3 Nf6 4. Nf3 a6 5. e3 g6 6. Be2 Bg7 7. 0-0 0-0 8. a4 b6 9. Bd2 Bb7 10. Qb3 Nbd7 11. cxd5 cxd5 12. Rac1 Qb8 13. Rc2 e6 14. Rfc1 Rc8 15. a5 b5 16. Na2 Rxc2 17. Qxc2 Ne8 18. Bb4 Qd8 19. Nd2 Rc8 20. Qd1 Nb8 21. Nb3 Rxc1 22. Qxc1 Nc6 23. Nc5 Qc7 24. Nb3 Bf6 25. Qc3 Bd8 26. f4 Bc8 27. Nac1 Nxb4 28. Qxb4 Nd6 29. Nd3 Nc4 30. Kf2 Nxa5 31. Nxa5 Qxa5 32. Qc5 Qc7 33. b4 f6 34. g4 Kf7 35. Bf3 Qxc5 36. Nxc5 a5 37. bxa5 Bxa5 38. f5 exf5 39. Bxd5+ Ke7 40. Bb7 Bxb7 41. Nxb7 Bb6 42. gxf5 gxf5 43. Ke2 Kd7 0-1

[Event "AUT-chT2W 2324"]
[Site "Austria"]
[Date "2023.11.12"]
[Round "5.4"]
[White "Pogan, Nikolas"]
[Black "Granditsch, Markus"]
[Result "1/2-1/2"]
[WhiteElo "2216"]
[BlackElo "2110"]
[PlyCount "87"]
[EventDate "2023.09.29"]
[EventType "team-tourn"]
[EventRounds "11"]
[EventCountry "AUT"]
[SourceTitle "EXT 2025"]
[Source "ChessBase"]
[SourceDate "2024.10.14"]
[SourceVersion "1"]
[SourceVersionDate "2024.10.14"]
[SourceQuality "1"]
[WhiteTeam "Hohenems"]
[BlackTeam "Salzburg ASK"]
[WhiteTeamCountry "AUT"]
[BlackTeamCountry "AUT"]

1. Nf3 Nf6 2. g3 d5 3. Bg2 e6 4. 0-0 Bd6 5. d4 h6 6. c4 0-0 7. Nc3 Nc6 8. a3 dxc4 9. Qa4 e5 10. d5 Nd4 11. Qxc4 Nxf3+ 12. Bxf3 b6 13. Nb5 Bb7 14. e4 Qd7 15. Be3 Rfc8 16. Rac1 c6 17. dxc6 Rxc6 18. Qd3 Bf8 19. Qxd7 Nxd7 20. Rfe1 Rxc1 21. Rxc1 Bc5 22. Bxc5 Nxc5 23. Nd6 Ba6 24. b4 Ne6 25. b5 Rd8 26. Nxf7 Kxf7 27. bxa6 Nc5 28. Be2 Rd2 29. Kf1 Ke7 30. h3 Ra2 31. Rc3 Kd6 32. h4 g5 33. hxg5 hxg5 34. Bc4 Rb2 35. Bd5 Kd7 36. f4 exf4 37. gxf4 gxf4 38. Rf3 Ne6 39. Rh3 Nc7 40. Rh7+ Kd6 41. Bb7 Rc2 42. Rf7 Ne6 43. Bd5 Nc7 44. Bb7 1/2-1/2

[Event "Pardubice Czech op-A 34th"]
[Site "Pardubice"]
[Date "2023.07.25"]
[Round "5"]
[White "Malek, Daniel"]
[Black "Pogan, Nikolas"]
[Result "1/2-1/2"]
[WhiteElo "2322"]
[BlackElo "2199"]
[PlyCount "114"]
[EventDate "2023.07.21"]
[EventType "swiss"]
[EventRounds "9"]
[EventCountry "CZE"]
[SourceTitle "CBM 215 Extra"]
[Source "ChessBase"]
[SourceDate "2023.09.30"]
[SourceVersion "1"]
[SourceVersionDate "2023.09.30"]
[SourceQuality "1"]

1. e4 c6 2. d4 d5 3. e5 Bf5 4. Nd2 e6 5. Nb3 Nd7 6. Nf3 a6 7. Be2 Be7 8. 0-0 h5 9. a4 h4 10. Bd2 Nh6 11. a5 Rc8 12. c3 Bg4 13. Bxh6 Rxh6 14. Ne1 Bxe2 15. Qxe2 c5 16. dxc5 Nxc5 17. Nd4 Qc7 18. f3 Rh5 19. f4 g6 20. Nef3 Ne4 21. Nd2 Nxd2 22. Qxd2 Bc5 23. Rfc1 Kf8 24. Kh1 Be7 25. b3 Kg7 26. c4 Qd8 27. Nf3 dxc4 28. Qxd8 Rxd8 29. Rxc4 Rd7 30. Rac1 Rh8 31. Kg1 Rhd8 32. Kf2 Kh6 33. Rc7 Bb4 34. Nxh4 Bxa5 35. Rxd7 Rxd7 36. Nf3 Bd2 37. Rc4 b5 38. Rc6 Bxf4 39. g3 Bg5 40. Rxa6 Be7 41. Ke2 g5 42. g4 Kg6 43. Rb6 Rd5 44. Rb7 Bb4 45. Rc7 Bc5 46. Rc8 Kg7 47. Ra8 Bd4 48. h3 Bxe5 49. Nxg5 Bf4 50. Ne4 f5 51. gxf5 exf5 52. Nf2 Re5+ 53. Kf3 Bg5 54. Nd1 Re1 55. Ra7+ Kg6 56. Rd7 Re4 57. Rd6+ Kh5 1/2-1/2

[Event "BL2-Sued 2223"]
[Site "Germany"]
[Date "2023.03.19"]
[Round "10.6"]
[White "Gasthofer, Alexander"]
[Black "Pogan, Nikolas"]
[Result "1/2-1/2"]
[WhiteElo "2408"]
[BlackElo "2260"]
[PlyCount "55"]
[EventDate "2022.10.22"]
[EventType "team-tourn"]
[EventRounds "9"]
[EventCountry "GER"]
[SourceTitle "EXT 2024"]
[Source "ChessBase"]
[SourceDate "2023.10.10"]
[SourceVersion "1"]
[SourceVersionDate "2023.10.10"]
[SourceQuality "1"]
[WhiteTeam "Bad Mergentheim"]
[BlackTeam "Heilbronn"]
[WhiteTeamCountry "GER"]
[BlackTeamCountry "GER"]

1. Nf3 Nf6 2. g3 g6 3. c4 Bg7 4. Bg2 0-0 5. 0-0 d6 6. d4 Nc6 7. Nc3 a6 8. Qd3 e5 9. dxe5 dxe5 10. Qxd8 Rxd8 11. Bg5 Re8 12. Nd5 Nxd5 13. cxd5 Nb4 14. e4 f5 15. Ne1 f4 16. a3 Nxd5 17. exd5 h6 18. gxf4 hxg5 19. fxe5 Bxe5 20. Nd3 Bd6 21. Rac1 Kg7 22. Nc5 Rh8 23. Rfe1 Bxh2+ 24. Kf1 Bd6 25. Ne6+ Bxe6 26. dxe6 Rab8 27. Rc3 Kf6 28. Rb3 1/2-1/2

[Event "AUT-chT2W 2223"]
[Site "Austria"]
[Date "2023.01.21"]
[Round "7.3"]
[White "Pogan, Nikolas"]
[Black "Lerch, Johannes"]
[Result "0-1"]
[WhiteElo "2263"]
[BlackElo "2192"]
[PlyCount "84"]
[EventDate "2022.09.23"]
[EventType "team-tourn"]
[EventRounds "11"]
[EventCountry "AUT"]
[SourceTitle "CBM 213 Extra"]
[Source "ChessBase"]
[SourceDate "2023.05.31"]
[SourceVersion "1"]
[SourceVersionDate "2023.05.31"]
[SourceQuality "1"]
[WhiteTeam "Hohenems II"]
[BlackTeam "Jenbach II"]
[WhiteTeamCountry "AUT"]
[BlackTeamCountry "AUT"]

1. d4 Nf6 2. c4 e6 3. g3 d5 4. Nf3 Be7 5. Bg2 0-0 6. 0-0 dxc4 7. Ne5 Nc6 8. Nxc6 bxc6 9. Na3 Bxa3 10. bxa3 Rb8 11. Qa4 Rb6 12. Rd1 Ba6 13. e4 Qb8 14. Bd2 Qb7 15. Bb4 Rb8 16. Rac1 Bb5 17. Qc2 Qa6 18. Re1 Rd8 19. Qc3 e5 20. dxe5 Rd3 21. Qa1 Nd7 22. e6 fxe6 23. Bc3 Qxa3 24. Bxg7 Qe7 25. Bc3 Rb8 26. Bh3 Rf8 27. f4 h5 28. Qb2 h4 29. Qe2 Nf6 30. Bxf6 Qxf6 31. Qg4+ Kf7 32. e5 Qh6 33. f5 hxg3 34. fxe6+ Ke7 35. Rf1 gxh2+ 36. Kxh2 Rh8 37. Rf7+ Ke8 38. Rcf1 Rxh3+ 39. Kg2 Rh2+ 40. Kf3 Rh3+ 41. Kg2 Qd2+ 42. Kg1 Qh2# 0-1

[Event "Basel Christmas op"]
[Site "Basel"]
[Date "2022.12.27"]
[Round "2"]
[White "Fischer, Daniel1"]
[Black "Pogan, Nikolas"]
[Result "1/2-1/2"]
[WhiteElo "2404"]
[BlackElo "2222"]
[PlyCount "69"]
[EventDate "2022.12.26"]
[EventType "swiss"]
[EventRounds "9"]
[EventCountry "SUI"]
[SourceTitle "EXT 2024"]
[Source "ChessBase"]
[SourceDate "2023.10.10"]
[SourceVersion "1"]
[SourceVersionDate "2023.10.10"]
[SourceQuality "1"]

1. e4 c6 2. d4 d5 3. e5 Bf5 4. Nf3 e6 5. Be2 c5 6. Be3 Qb6 7. Nc3 Nc6 8. 0-0 Qxb2 9. Qe1 cxd4 10. Bxd4 Nxd4 11. Nxd4 Bb4 12. Rb1 Bxc3 13. Rxb2 Bxe1 14. Rxe1 b6 15. h4 h5 16. Nxf5 exf5 17. c4 Ne7 18. Rd2 0-0-0 19. cxd5 Rxd5 20. Rxd5 Nxd5 21. Bc4 Rd8 22. Rc1 Kb7 23. Rd1 Kc6 24. Rc1 Kb7 25. Rd1 Kc6 26. a4 Kc5 27. Bb3 Kc6 28. f4 g6 29. g3 a6 30. Kf2 Rd7 31. Rc1+ Kb7 32. Rd1 Kc6 33. Rc1+ Kb7 34. Rd1 Kc6 35. Rc1+ 1/2-1/2

[Event "AUT-chT2W 2223"]
[Site "Austria"]
[Date "2022.11.12"]
[Round "4.5"]
[White "Trybus, Daniel"]
[Black "Pogan, Nikolas"]
[Result "1-0"]
[WhiteElo "2192"]
[BlackElo "2263"]
[PlyCount "45"]
[EventDate "2022.09.23"]
[EventType "team-tourn"]
[EventRounds "11"]
[EventCountry "AUT"]
[SourceTitle "CBM 213 Extra"]
[Source "ChessBase"]
[SourceDate "2023.05.31"]
[SourceVersion "1"]
[SourceVersionDate "2023.05.31"]
[SourceQuality "1"]
[WhiteTeam "Salzburg Royal"]
[BlackTeam "Hohenems II"]
[WhiteTeamCountry "AUT"]
[BlackTeamCountry "AUT"]

1. e4 d6 2. d4 Nf6 3. Nc3 e5 4. Nf3 Nbd7 5. Rg1 c6 6. g4 g6 7. g5 Nh5 8. Be3 Bg7 9. Qd2 Nf8 10. 0-0-0 Qa5 11. dxe5 dxe5 12. Qd6 Ne6 13. Nd5 cxd5 14. Rxd5 Bf8 15. Qxe5 f6 16. gxf6 Qxa2 17. Bb5+ Kf7 18. Bd7 Qa1+ 19. Kd2 Bb4+ 20. Ke2 Qa6+ 21. Bb5 Qa2 22. Ng5+ Nxg5 23. Qc7+ 1-0

[Event "BL2-Sued 2223"]
[Site "Germany"]
[Date "2022.10.23"]
[Round "2.5"]
[White "Boguslawski, Oleg"]
[Black "Pogan, Nikolas"]
[Result "1/2-1/2"]
[WhiteElo "2380"]
[BlackElo "2260"]
[PlyCount "102"]
[EventDate "2022.10.22"]
[EventType "team-tourn"]
[EventRounds "9"]
[EventCountry "GER"]
[SourceTitle "EXT 2024"]
[Source "ChessBase"]
[SourceDate "2023.10.10"]
[SourceVersion "1"]
[SourceVersionDate "2023.10.10"]
[SourceQuality "1"]
[WhiteTeam "Speyer Schwegenheim"]
[BlackTeam "Heilbronn"]
[WhiteTeamCountry "GER"]
[BlackTeamCountry "GER"]

1. e4 c6 2. d4 d5 3. f3 e6 4. Nc3 Bb4 5. Bd2 Nf6 6. e5 Nfd7 7. f4 a6 8. a3 Be7 9. Nf3 c5 10. Be3 cxd4 11. Nxd4 Nc6 12. Qd2 Qc7 13. Be2 0-0 14. 0-0 Nxd4 15. Bxd4 f5 16. exf6 Bxf6 17. Bg4 Bxd4+ 18. Qxd4 Nf6 19. Bh3 Bd7 20. Rae1 Rae8 21. Re5 Kh8 22. Rfe1 Qd6 23. g3 h6 24. g4 Rc8 25. g5 Rc4 26. Qd1 Ng8 27. gxh6 Nxh6 28. Ne2 Qb6+ 29. Kh1 Qxb2 30. Bxe6 Bxe6 31. Rxe6 Rxc2 32. Qxd5 Rd2 33. Qh5 Rf6 34. Re8+ Kh7 35. Rg1 Qc2 36. h3 Qc6+ 37. Kh2 Re6 38. Rxe6 Qxe6 39. Rg2 Qf5 40. Qe8 Qf7 41. Qe4+ Nf5 42. Ng3 Rxg2+ 43. Kxg2 g6 44. Nxf5 gxf5 45. Qc2 Qe6 46. Kf2 b5 47. Qc3 Kg6 48. Qc5 Kf7 49. Qa7+ Kg6 50. Qc5 Kf7 51. Qa7+ Kg6 1/2-1/2

[Event "AUT-chT2W 2223"]
[Site "Austria"]
[Date "2022.09.25"]
[Round "3.4"]
[White "Doskocil, Klaus"]
[Black "Pogan, Nikolas"]
[Result "0-1"]
[WhiteElo "2150"]
[BlackElo "2263"]
[PlyCount "96"]
[EventDate "2022.09.23"]
[EventType "team-tourn"]
[EventRounds "11"]
[EventCountry "AUT"]
[SourceTitle "CBM 210 Extra"]
[Source "ChessBase"]
[SourceDate "2022.11.30"]
[SourceVersion "1"]
[SourceVersionDate "2022.11.30"]
[SourceQuality "1"]
[WhiteTeam "Lustenau"]
[BlackTeam "Hohenems II"]
[WhiteTeamCountry "AUT"]
[BlackTeamCountry "AUT"]

1. d4 Nf6 2. Nc3 d6 3. e4 e5 4. Nf3 Nbd7 5. Bc4 Be7 6. 0-0 0-0 7. h3 c6 8. dxe5 dxe5 9. a4 a5 10. Qe2 Qc7 11. Rd1 Nc5 12. Kh2 Nfd7 13. b3 Nb6 14. Nd2 Ne6 15. Nf3 Nd4 16. Qd3 Nxf3+ 17. Qxf3 Nxc4 18. bxc4 Be6 19. Qe2 Rfd8 20. Be3 Rd4 21. Rab1 Bb4 22. Bxd4 exd4+ 23. g3 Bxc3 24. f4 f6 25. f5 Bf7 26. Rb3 h5 27. h4 b5 28. cxb5 Bxb3 29. cxb3 cxb5 30. Qxb5 Rb8 31. Qa6 Rxb3 32. Qe6+ Qf7 33. Qc8+ Kh7 34. e5 Rb2+ 35. Kh3 Qb7 36. Qxb7 Rxb7 37. e6 g6 38. g4 Kg7 39. Kg3 Rc7 40. Kf4 hxg4 41. Kxg4 gxf5+ 42. Kf4 Rc5 43. Rb1 Bd2+ 44. Kf3 Re5 45. Rb7+ Kg6 46. h5+ Kxh5 47. e7 Re3+ 48. Kf2 Bb4 0-1

[Event "Pfaeffikon Acrevis op 2nd"]
[Site "Pfaeffikon"]
[Date "2022.07.29"]
[Round "3"]
[White "Pogan, Nikolas"]
[Black "Erne, Raphael"]
[Result "1-0"]
[WhiteElo "2226"]
[BlackElo "2060"]
[PlyCount "123"]
[EventDate "2022.07.28"]
[EventType "swiss"]
[EventRounds "6"]
[EventCountry "SUI"]
[SourceTitle "EXT 2023"]
[Source "ChessBase"]
[SourceDate "2022.10.05"]
[SourceVersion "1"]
[SourceVersionDate "2022.10.05"]
[SourceQuality "1"]

1. Nf3 d5 2. g3 Nf6 3. Bg2 Bf5 4. 0-0 e6 5. d3 h6 6. b3 Be7 7. Bb2 0-0 8. c4 c6 9. Nbd2 a5 10. a3 Bh7 11. Qc2 Na6 12. Bc3 c5 13. e4 dxe4 14. dxe4 Nd7 15. Qb2 Bf6 16. e5 Be7 17. Rfe1 Qc7 18. Ne4 Bxe4 19. Rxe4 Ndb8 20. h4 Nc6 21. h5 Rad8 22. Rae1 Rd3 23. Rg4 Rfd8 24. Nd2 Qd7 25. Ne4 Kh8 26. Nd6 Bxd6 27. Bxc6 Qxc6 28. exd6 Qf3 29. Bxg7+ Kg8 30. Qe2 Qxe2 31. Rxe2 Kh7 32. Be5 Rg8 33. Ree4 f5 34. Rxg8 Kxg8 35. Re1 Nb8 36. Bf4 Kf7 37. Bxh6 Rxd6 38. Bf4 Rd8 39. Bc7 Rh8 40. Kg2 Nc6 41. Rh1 Nd4 42. Be5 Rh7 43. h6 Nxb3 44. Rb1 a4 45. Bg7 e5 46. f3 Rxg7 47. hxg7 Kxg7 48. Kf2 Na5 49. Rb5 Nxc4 50. Rxc5 Nxa3 51. Rc7+ Kf6 52. Rxb7 Nc2 53. Rc7 Nd4 54. Ra7 Kg5 55. Rxa4 Kf6 56. Ra6+ Kg5 57. Rd6 f4 58. g4 Kh4 59. Rd5 Nc6 60. Kg2 Nd4 61. Rxe5 Nf5 62. gxf5 1-0

[Event "San Bernardino Spring op"]
[Site "San Bernardino"]
[Date "2021.05.08"]
[Round "2"]
[White "Cavadini, Sergio"]
[Black "Pogan, Nikolas"]
[Result "0-1"]
[WhiteElo "1478"]
[BlackElo "2245"]
[PlyCount "48"]
[EventDate "2021.05.07"]
[EventType "swiss"]
[EventRounds "5"]
[EventCountry "SUI"]
[SourceTitle "EXT 2022"]
[Source "ChessBase"]
[SourceDate "2021.10.06"]
[SourceVersion "1"]
[SourceVersionDate "2021.10.06"]
[SourceQuality "1"]

1. e4 c6 2. d4 d5 3. Nc3 dxe4 4. Nxe4 Bf5 5. Ng3 Bg6 6. c3 Nf6 7. Nf3 Nbd7 8. Bd3 e6 9. Qc2 Bd6 10. Bg5 Qc7 11. 0-0 0-0 12. Rae1 Rac8 13. Qb1 a6 14. a3 c5 15. dxc5 Nxc5 16. Bxg6 hxg6 17. Bxf6 gxf6 18. b4 Na4 19. c4 Bxg3 20. fxg3 Qxc4 21. Rc1 Nc3 22. Kh1 Nxb1 23. Rxc4 Rxc4 24. Rxb1 Rfc8 0-1

[Event "Ascona op 14th"]
[Site "Ascona"]
[Date "2021.03.28"]
[Round "4"]
[White "Pogan, Nikolas"]
[Black "Mamalis, Prokopios2"]
[Result "1/2-1/2"]
[WhiteElo "2232"]
[BlackElo "2097"]
[PlyCount "67"]
[EventDate "2021.03.26"]
[EventType "swiss"]
[EventRounds "5"]
[EventCountry "SUI"]
[SourceTitle "CBM 202 Extra"]
[Source "ChessBase"]
[SourceDate "2021.07.31"]
[SourceVersion "1"]
[SourceVersionDate "2021.07.31"]
[SourceQuality "1"]

1. g3 Nf6 2. Bg2 g6 3. b3 Bg7 4. Bb2 d6 5. c4 e5 6. Nc3 0-0 7. Nf3 c6 8. Qc2 Re8 9. d3 Na6 10. 0-0 Bf5 11. e4 Bd7 12. d4 Bg4 13. dxe5 dxe5 14. a3 Nc5 15. Rad1 Qc7 16. b4 Ne6 17. Ne2 Bxf3 18. Bxf3 a5 19. c5 axb4 20. axb4 b6 21. cxb6 Qxb6 22. Bg2 Ra2 23. Nc1 Ra6 24. Bxe5 Qxb4 25. Nd3 Qb6 26. Qc3 Qa5 27. Qxa5 Rxa5 28. Bc3 Ra3 29. Bb2 Rb3 30. Bxf6 Bxf6 31. e5 Bg7 32. Bxc6 Rd8 33. Nc1 Rxd1 34. Rxd1 1/2-1/2